<?xml version="1.0" encoding="UTF-8"?>
<collection xmlns="http://www.loc.gov/MARC21/slim">
 <record>
  <leader>01187ngm a22003135g 4500</leader>
  <controlfield tag="001">CEM.cems024078</controlfield>
  <controlfield tag="008">130507s2009##################0###0#####d</controlfield>
  <controlfield tag="005">20250818184434.0</controlfield>
  <datafield tag="245" ind1="1" ind2="0">
   <subfield code="a">Tango y mundo /</subfield>
   <subfield code="c">Nicolás Schonfeld.</subfield>
  </datafield>
  <datafield tag="260" ind1=" " ind2=" ">
   <subfield code="a">Argentina,</subfield>
   <subfield code="c">2009</subfield>
  </datafield>
  <datafield tag="300" ind1=" " ind2=" ">
   <subfield code="a">26'.</subfield>
  </datafield>
  <datafield tag="490" ind1="0" ind2=" ">
   <subfield code="a">Tango</subfield>
  </datafield>
  <datafield tag="538" ind1=" " ind2=" ">
   <subfield code="a">Soporte: DVD - Grabación DRD</subfield>
  </datafield>
  <datafield tag="520" ind1=" " ind2=" ">
   <subfield code="a">De la mano de Horacio Ferrer, la historia del tango, desde los orígenes hasta la actualidad. Las diferentes épocas y estilos del género musical son abordados por este historiador y poeta, fundador de la Academia Nacional del Tango. La serie presenta materiales de archivos fotográficos, sonoros y audiovisuales.</subfield>
  </datafield>
  <datafield tag="500" ind1=" " ind2=" ">
   <subfield code="a">Consultar en ventanilla.</subfield>
  </datafield>
  <datafield tag="100" ind1="1" ind2=" ">
   <subfield code="a">Schonfeld, Nicolás</subfield>
  </datafield>
  <datafield tag="710" ind1="2" ind2=" ">
   <subfield code="a">Canal Encuentro.</subfield>
  </datafield>
  <datafield tag="700" ind1="1" ind2=" ">
   <subfield code="a">Ferrer, Horacio; Conducción.</subfield>
  </datafield>
  <datafield tag="082" ind1="7" ind2="8">
   <subfield code="/">SCH</subfield>
  </datafield>
  <datafield tag="653" ind1=" " ind2=" ">
   <subfield code="a">TANGO</subfield>
  </datafield>
  <datafield tag="653" ind1=" " ind2=" ">
   <subfield code="a">MÚSICA ARGENTINA</subfield>
  </datafield>
  <datafield tag="653" ind1=" " ind2=" ">
   <subfield code="a">MÚSICA POPULAR ARGENTINA</subfield>
  </datafield>
  <datafield tag="653" ind1=" " ind2=" ">
   <subfield code="a">HORACIO FERRER</subfield>
  </datafield>
  <datafield tag="653" ind1=" " ind2=" ">
   <subfield code="a">MÚSICA</subfield>
  </datafield>
  <datafield tag="653" ind1=" " ind2=" ">
   <subfield code="a">MÚSICA CIUDADANA</subfield>
  </datafield>
  <datafield tag="653" ind1=" " ind2=" ">
   <subfield code="a">ORQUESTAS</subfield>
  </datafield>
  <datafield tag="653" ind1=" " ind2=" ">
   <subfield code="a">INMIGRANTES</subfield>
  </datafield>
  <datafield tag="653" ind1=" " ind2=" ">
   <subfield code="a">SERIE DE TELEVISIÓN</subfield>
  </datafield>
  <datafield tag="859" ind1=" " ind2=" ">
   <subfield code="a">CEMS</subfield>
   <subfield code="b">BIB. CEMS - Depto. Recursos Didacticos</subfield>
   <subfield code="h">780</subfield>
   <subfield code="i">SCH</subfield>
   <subfield code="k">DRD</subfield>
   <subfield code="p">2721.19</subfield>
   <subfield code="t">Ej.1</subfield>
  </datafield>
 </record>
</collection>
